00507nam a2200193Ia 4500008004100000020001800041050001400059100001700073245004700090245004700137260001500184260001600199260000900215300001500224300002700239300001000266440002900276500000800305170918s9999 xx 000 0 und d a9780439557160 bT365 2003 aThaler, Mike 4aThe class election from the black lagoon / cby Mike Thaler ; illustrated by Jared Lee. aNew York : bScholastic, c2003 a64 pages : bcolored illustration ; c19cm. aBlack lagoon adventures. a380